|
|
|
|
| LEADER |
00893cam a2200217 7i4500 |
| 001 |
0000066356 |
| 005 |
20220216090000.0 |
| 020 |
|
|
|a 9780128216316
|
| 090 |
0 |
0 |
|a TK7872.C8
|b K53 2020
|
| 100 |
1 |
|
|a Khaled, Nassim
|
| 245 |
1 |
0 |
|a Digital twin development and deployment on the cloud :
|b developing cloud-friendly dynamic models using Simulink/Simscape and Amazon AWS
|c Nassim Khaled, Bibin Pattel, Affan Siddiqui.
|
| 264 |
|
|
|a London:
|b Academic Press,
|c 2020.
|
| 300 |
|
|
|a 1 online resource (583 pages):
|b color illustrations, text file, PDF.
|
| 336 |
|
|
|a text
|2 rdacontent
|
| 337 |
|
|
|a computer
|2 rdamedia
|
| 338 |
|
|
|a online resource
|2 rdacarrier
|
| 650 |
0 |
0 |
|a SIMULINK
|
| 655 |
0 |
0 |
|a Electronic books
|
| 856 |
4 |
2 |
|u http://library.unisel.edu.my/web/guest/mylibrary
|
| 997 |
|
|
|a Engineering & Life Sciences, Faculty
|b Engineering, Department
|
| 999 |
|
|
|a EBO0011079
|b EBOOK
|c EBOOK
|e Electronic resources
|